|
|
|
|
| LEADER |
00922nam a22002652a 4500 |
| 001 |
001335406 |
| 003 |
CZ BrMZK |
| 005 |
20131014122329.0 |
| 007 |
ta |
| 008 |
131014s1967 xo er|||||||||||slo d |
| 040 |
|
|
|a ABA001
|b cze
|d ABA001
|d OLA001
|d BOA001
|
| 041 |
1 |
|
|a slo
|h cze
|
| 100 |
1 |
|
|a Březovský, Bohuslav,
|d 1912-1976
|7 jk01020054
|4 aut
|
| 245 |
1 |
0 |
|a Veční milenci /
|c Bohuslav Březovský ; z českého originálu ... preložila Gusta Baricová
|
| 250 |
|
|
|a 1. vyd.
|
| 260 |
|
|
|a Bratislava :
|b Tatran,
|c 1967
|
| 300 |
|
|
|a 525 s.
|
| 490 |
1 |
|
|a Hviezdoslavova knižnica ;
|v zv. 139 ;
|a Svetový rad ;
|v zv. 61
|
| 700 |
1 |
|
|a Baricová, Gusta
|7 mzk2008479375
|4 trl
|
| 765 |
0 |
|
|t Věční milenci
|9 Slovensky
|
| 830 |
|
0 |
|a Hviezdoslavova knižnica (Tatran).
|p Svetový rad
|
| 910 |
|
|
|a BOA001
|b 2-0593.801
|
| 990 |
|
|
|a BK
|
| 991 |
|
|
|b 201310
|
| 996 |
7 |
|
|b 2619012842
|c 2-0593.801
|l HP2
|r DEN
|n 1
|w 001370359
|u 000010
|a 1
|e BOA001
|j MZK50
|s A
|